Návrh a vyhodnotenie procesu optickej kontroly geometrických rozmerov podvozkových rámov

Enregistré dans:
Détails bibliographiques
Auteur principal: Voda, Martin (Auteur)
Autres auteurs: Pavlásek, Peter (Directeur de thèse)
Format: Manuscrit Livre
Langue:slovaque
Publié: 2016
Sujets:
Accès en ligne:http://is.stuba.sk/zp/portal_zp.pl?podrobnosti=133588
Tags: Ajouter un tag
Pas de tags, Soyez le premier à ajouter un tag!

MARC

LEADER 00000ntm a22000003a 4500
001 stuzp58837
003 SK-STU
005 20160719155658.6
007 ta
008 150427s2015----xo-----f-mn---000-0-slo-d
040 |a STU  |b slo 
041 0 |a slo 
100 1 |a Voda, Martin  |u 020020  |k Z4  |4 aut  |U SjF Strojnícka fakulta  |T SjF Ústav automatizácie, merania a aplikovanej informatiky  |X 44510  |U J0020  |Y 802  |7 A000044510 
242 0 1 |a Design and evaluation of the optical control process of the geometric dimensions of bogie frames  |y eng 
245 1 0 |a Návrh a vyhodnotenie procesu optickej kontroly geometrických rozmerov podvozkových rámov 
260 |c 2016 
650 4 |a podvozkový rám  |2 slo 
650 4 |a kamera  |2 slo 
650 4 |a pixel  |2 slo 
650 4 |a konštrukčný bod  |2 slo 
650 4 |a Bogie frame  |2 eng 
650 4 |a video camera  |2 eng 
650 4 |a structural point  |2 eng 
650 4 |a pixel  |2 eng 
700 1 |a Pavlásek, Peter  |u 020020  |k Z2  |4 ths  |U SjF Strojnícka fakulta  |T SjF Ústav automatizácie, merania a aplikovanej informatiky  |X 51210  |U J0020  |Y 802  |7 A000051210 
856 4 |u http://is.stuba.sk/zp/portal_zp.pl?podrobnosti=133588 
996 |b 284J044099  |c J* 2398/DP  |l JJSK  |s A  |a 24  |w stuzp58837_0001 
SQL |a stuzp58837  |b DDP  |c SLO  |d Návrh a vyhodnotenie procesu optickej kontroly geometrických rozmerov podvozkových rámov  |e 44510  |f Voda, Martin  |g 020020  |h 51210  |i Pavlásek, Peter  |j 20160616  |k 648  |l 02  |m http://is.stuba.sk/zp/portal_zp.pl?podrobnosti=133588  |n I-MESK  |o 5.2.53. meranie